Fantasía : selección 1.
Saved in:
| Format: | Book |
|---|---|
| Published: |
Barcelona :
Bruguera,
1976
|
| Edition: | 1a ed. |
| Series: | Libro amigo;
434 |
| LEADER | 00369nam a22001337a 4500 | ||
|---|---|---|---|
| 003 | AR-BeUNQ | ||
| 005 | 20240318080130.0 | ||
| 999 | |c 29585 |d 113385 | ||
| 245 | |a Fantasía : |b selección 1. | ||
| 250 | |a 1a ed. | ||
| 260 | |a Barcelona : |b Bruguera, |c 1976 | ||
| 490 | 1 | |a Libro amigo; |v 434 | |
| 929 | |a DONACION |b Susana Fratini |d 100,00 |e 20180221 |g 3313 |h 1 |o PR |f PAT0068703 |l Estante F | ||
| 942 | |c LIB |n 0 | ||